000 00333nam a2200133Ia 4500
008 240624s9999 xx 000 0 und d
041 _aeng
082 _a920 SET
100 _aSETH LEILA
245 _aON BALANCE AN AUTOBIOGRAPHY
260 _c2007
_aNew Delhi
_bPenguin Books India
300 _a478 , p. , 24 : cm.
365 _cRS
_b20
999 _c9603
_d9603